| 000 | 00508nam a2200169Ia 4500 | ||
|---|---|---|---|
| 005 | 20250508160352.0 | ||
| 008 | 008 250505s9999 xx 000 0 eng d | ||
| 037 | _aBooks to be hide in OPAC | ||
| 040 |
_aFEDL _beng _cFEDL |
||
| 041 |
_aeng _2eng |
||
| 084 |
_a015.54, NAT/O _qFEDL |
||
| 245 | 0 | _aNational catalogue of university level books 1971 | |
| 260 |
_aNew Delhi, India _bNational Book Trust _c1972 |
||
| 300 | _avi,653p. | ||
| 942 |
_cHB _h015.54, NAT/O |
||
| 999 |
_c1364129 _d1364129 |
||